|
|
|
|
| LEADER |
01405nam a22003854a 4500 |
| 001 |
EBC254237 |
| 003 |
MiAaPQ |
| 005 |
20200520144314.0 |
| 006 |
m o d | |
| 007 |
cr cn||||||||| |
| 008 |
020722s2003 enka sb 001 0 eng |
| 010 |
|
|
|z 2002068229
|
| 015 |
|
|
|a GBA2-V1732
|
| 020 |
|
|
|z 0415300487
|
| 035 |
|
|
|a (MiAaPQ)EBC254237
|
| 035 |
|
|
|a (Au-PeEL)EBL254237
|
| 035 |
|
|
|a (CaPaEBR)ebr10165618
|
| 035 |
|
|
|a (CaONFJC)MIL23932
|
| 035 |
|
|
|a (OCoLC)475967217
|
| 040 |
|
|
|a MiAaPQ
|c MiAaPQ
|d MiAaPQ
|
| 050 |
|
4 |
|a HB145
|b .A347 2003
|
| 082 |
0 |
4 |
|a 380.1/01/5195
|2 21
|
| 100 |
1 |
|
|a Afriat, S. N.,
|d 1925-
|
| 245 |
1 |
4 |
|a The market
|h [electronic resource] :
|b equilibrium, stability, mythology /
|c S.N. Afriat.
|
| 260 |
|
|
|a London ;
|a New York :
|b Routledge,
|c 2003.
|
| 300 |
|
|
|a xiv, 128 p. :
|b ill.
|
| 490 |
1 |
|
|a Routledge frontiers of political economy ;
|v 44
|
| 504 |
|
|
|a Includes bibliographical references and index.
|
| 533 |
|
|
|a Electronic reproduction. Ann Arbor, MI : ProQuest, 2015. Available via World Wide Web. Access may be limited to ProQuest affiliated libraries.
|
| 650 |
|
0 |
|a Equilibrium (Economics)
|
| 650 |
|
0 |
|a Economics, Mathematical.
|
| 655 |
|
4 |
|a Electronic books.
|
| 710 |
2 |
|
|a ProQuest (Firm)
|
| 830 |
|
0 |
|a Routledge frontiers of political economy ;
|v 44.
|
| 856 |
4 |
0 |
|u https://ebookcentral.proquest.com/lib/matrademy/detail.action?docID=254237
|z Click to View
|